Записки графа Е.Ф. Комаровского / (Record no. 538132)
[ view plain ]
| 000 -LEADER | |
|---|---|
| fixed length control field | 01329nam a22002417a 4500 |
| 001 - CONTROL NUMBER | |
| control field | 1615778 |
| 003 - CONTROL NUMBER IDENTIFIER | |
| control field | AM-YEHGA |
| 005 - DATE AND TIME OF LATEST TRANSACTION | |
| control field | 20260318162642.0 |
| 008 - FIXED-LENGTH DATA ELEMENTS--GENERAL INFORMATION | |
| fixed length control field | 190610s1914 ru |||||||||||||||0|rus|d |
| 040 ## - CATALOGING SOURCE | |
| Original cataloging agency | AM-YEHGA |
| 041 0# - LANGUAGE CODE | |
| Language code of text/sound track or separate title | rus |
| 100 1# - MAIN ENTRY--PERSONAL NAME | |
| Personal name | Комаровский, Евграф Федотович, |
| Dates associated with a name | 1769-1843 |
| 245 10 - TITLE STATEMENT | |
| Title | Записки графа Е.Ф. Комаровского / |
| Statement of responsibility, etc. | Ред. П.Е. Щеголева ; Вступ. заметка Е.А. Ляцкого. |
| 246 13 - VARYING FORM OF TITLE | |
| Title proper/short title | Записки графа Евграфа Федотовича Комаровского |
| 260 ## - PUBLICATION, DISTRIBUTION, ETC. | |
| Place of publication, distribution, etc. | Санкт-Петербург : |
| Name of publisher, distributor, etc. | Огни, |
| Date of publication, distribution, etc. | 1914. |
| 300 ## - PHYSICAL DESCRIPTION | |
| Extent | XII, 279 с., [1] л. портр. |
| 440 ## - SERIES STATEMENT/ADDED ENTRY--TITLE | |
| Title | Библиотека мемуаров издательства "Огни". Серия 1 |
| 500 ## - GENERAL NOTE | |
| General note | Из предисл.: Впервые записки были напечатаны в 1897 г. по подлинным рукописям на страницах "Исторического вестника" |
| 653 0# - INDEX TERM--UNCONTROLLED | |
| Uncontrolled term | Россия, 18-19 вв. - Воспоминания и записки |
| 700 1# - ADDED ENTRY--PERSONAL NAME | |
| Personal name | Ляцкий, Евгений Александрович, |
| Dates associated with a name | 1868-1942 |
| Relator term | авт. предисл. |
| Relationship | aui |
| 700 1# - ADDED ENTRY--PERSONAL NAME | |
| Personal name | Щеголев, Павел Елисеевич |
| Dates associated with a name | 1877-1931 |
| Relator term | ред. |
| Relationship | edt |
| 942 ## - ADDED ENTRY ELEMENTS (KOHA) | |
| Source of classification or shelving scheme | Universal Decimal Classification |
| Koha item type | Գրքեր / Books |
| Withdrawn status | Lost status | Damaged status | Not for loan | Collection | Home library | Current library | Date acquired | Total checkouts | Full call number | Barcode | Date last seen | Price effective from | Koha item type | Public note | Source of classification or shelving scheme |
|---|---|---|---|---|---|---|---|---|---|---|---|---|---|---|---|
| Kusikian Individual Collection | Fundamental Scientific Library | Fundamental Scientific Library | 29/10/2025 | Кус/5153 | FL0696760 | 29/10/2025 | 29/10/2025 | Գրքեր / Books | ILL Non-Circ. | ||||||
| General | Fundamental Scientific Library | Fundamental Scientific Library | 18/03/2026 | РД II/61744 | FL0582901 | 18/03/2026 | 18/03/2026 | Գրքեր / Books | 30 Days Loan | Universal Decimal Classification |
ՀՀ Գիտությունների ազգային ակադեմիայի հիմնարար գիտական գրադարան = Fundamental Scientific Library of NAS RA
All site content, except where otherwise noted, is licensed under a